Majstrovstvá Slovenska v réžii TŠ Super

Bibliographic Details
Format: Article
Language:Slovak
PhysicalDescription:Fotogr.
ISSN:1210-2423
Subjects:

MARC

LEADER 00000nab a2200000 ar4500
001 vtls010262166
003 SK-MaSNL
005 20260303210631.0
008 110308c2011 xo wr|p|||||||000 b|slo
038 |a PPPK 
040 |a PPPKCL  |b slo  |c PPPKCL  |e AACR2 
041 0 |a slo 
044 |a xo  |c SK 
080 |a 793.33(8).093  |2 2001 
245 0 0 |a Majstrovstvá Slovenska v réžii TŠ Super  |c [text a foto] (kk) 
300 |b Fotogr. 
610 2 7 |a Tanečné štúdio Super (Poprad, Slovensko)  |2 pppkcl  |9 1065344 
610 2 7 |a Aréna Poprad (Poprad, Slovensko)  |2 pppkcl  |9 1033822 
611 2 7 |a Majstrovstvá Slovenska v latinsko-amerických tancoch  |d (2011 :  |c Poprad, Slovensko)  |2 pppkcl  |9 1242618 
650 0 7 |a spoločenské tance  |2 pppkcl  |9 29452 
650 0 7 |a latinskoamerické tance  |2 pppkcl  |9 75641 
650 0 7 |a tanečné súťaže  |2 pppkcl  |9 74115 
650 0 7 |a 19.2.2011  |2 pppkcl  |9 1242624 
651 7 |a Poprad (Slovensko)  |2 pppkcl  |9 20155 
773 0 |t Podtatranské noviny  |g Roč. LII, č. 9 (2011), s. 7  |x 1210-2423 
852 |a PPPK  |b KIS3GCP 
999 |c 2201006  |d 2202936